Statistics for Australia Global Cities

Click here to take the quiz!

General Stats

  • This quiz has been taken 43 times
  • The average score is 7 of 7

Answer Stats

HintAnswer% Correct
BetaPerth
100%
Gamma+Adelaide
97%
Alpha-Melbourne
97%
AlphaSydney
97%
Beta+Brisbane
92%
SufficiencyCanberra
89%
SufficiencyHobart
76%

Score Distribution

Percentile by Number Answered

Percent of People with Each Score

Your Score History

You have not taken this quiz